000 00579nam a2200205Ia 4500
001 13498
003 GE_BSU
008 181216s||||||||xx |||||||||||||| ||und||
020 _a9781846943041
040 _cGE_BSU
080 _a338.22(075.8)
100 _aBerman,Michael
245 _aOn Business and for Pleasure:A self study Workbook for Advanced Business English Studens.
260 _bWinchester
260 _c2010
300 _a116p.20cm.
653 _aA self study Workbook for Advanced Business Englis Studens
653 _aOn Business and for Pleasure
942 _cBK
999 _c46657
_d46657